Windsurfing - jízda na prkně /

Hlavní autor: Vočka, Jiří
Korporativní autor: Československý svaz tělesné výchovy. Český ústřední výbor
Jazyk: Čeština
Vydáno: Praha : Sportpropag, 1980
Edice: Pohybem ke zdraví
Témata:
Fyzický popis: 27 nečíslovaných stran : ilustrace ; 8°
Knihy
Uloženo v:
LEADER 01285nam a22003612i 4500
001 000177115
003 CZ BrMZK
005 20170314104949.0
007 ta
008 950101s1980 xr a e cze d
015 |a cnb000391222 
035 |a (OCoLC)40089529 
040 |a ABA001  |b cze  |c ABA001  |d ABA001  |d BOA001  |e rda 
072 7 |a 797  |x Vodní sporty. Letecké sporty  |2 Konspekt  |9 20 
080 |a 797.148  |2 MRF 
080 |a (041)  |2 MRF 
100 1 |a Vočka, Jiří  |7 jo2015868259  |4 aut  |4 ill 
245 1 0 |a Windsurfing - jízda na prkně /  |c text a fotografie Jiří Vočka 
264 1 |a Praha :  |b Sportpropag,  |c 1980 
300 |a 27 nečíslovaných stran :  |b ilustrace ;  |c 8° 
336 |a text  |b txt  |2 rdacontent 
337 |a bez média  |b n  |2 rdamedia 
338 |a svazek  |b nc  |2 rdacarrier 
490 1 |a Pohybem ke zdraví 
550 |a Vydavatel: Československý ústřední výbor ŠSTV 
650 0 7 |a windsurfing  |7 ph127497  |2 czenas 
655 7 |a brožury  |7 fd131925  |2 czenas 
710 2 |a Československý svaz tělesné výchovy.  |b Český ústřední výbor  |7 kn20050504081  |4 isb 
830 0 |a Pohybem ke zdraví 
910 |a BOA001  |b X-0829.301 
990 |a BK 
991 |b 201610 
996 6 |b 2619944319  |c X-0829.301  |l MZK  |r Sklad / do 24 hodin  |n 9  |w 000177115  |u 000010  |a 1  |e BOA001  |j MZK50  |s P